Statistics for U.S. Cities with the most McDonald locations

Click here to take the quiz!

General Stats

  • This quiz has been taken 23 times
  • The average score is 5 of 10

Answer Stats

HintAnswer% Correct
130 LocationsHouston
83%
110 LocationsChicago
78%
50 LocationsBrooklyn/New York
65%
71 LocationsLos Angeles
65%
64 LocationsDallas
57%
74 LocationsSan Antonio
48%
73 LocationsLas Vegas
39%
53 LocationsPhoenix
39%
66 LocationsMiami
30%
54 LocationsOrlando
26%

Score Distribution

Percentile by Number Answered

Percent of People with Each Score

Your Score History

You have not taken this quiz